00905nam a2200277 a 450000100100000000500170001000800410002704000250006804100380009308200200013110000200015124000270017124500660019826000650026430000330032949000200036250000420038250400520042453400350047665000110051165000180052265000230054065000170056370000250058083000220060500002613520200930024331.0110302s1971 sp a r 000 0 spa d aDO-SdBNPbspacBNPHU17aspahfre2Código de idioma MARC a616.8528bC496f1 aChauchard, Paul10aLa fatiguelEspañol.10aLa fatiga /cPaul Chauchard ; traducción de J.J. Villaseca. aBarcelona, (España) :bOikos tau ; Vilassar de Mar,c1971. a124, [4] p. :ail. ;c17 cm.1 aQué sé?v39 aIncluye notas al pie de las páginas aIncluye referencias bibliográficas (p. [125]) aTítulo original:tLa fatigue 4aFatiga 4aFatiga mental 4aDepresión mental 4aMelancolía1 aVillaseca, J.J.etr. 0aQué sé? ;v39